书目信息 |
| 题名: |
同名异书通检
|
|
| 作者: | 杜信孚 , 毛俊仪 , 赵敏元 著 | |
| 分册: | ||
| 出版信息: | 南京 江苏人民出版社 1982 |
|
| 页数: | 196页 | |
| 开本: | 19cm | |
| 丛书名: | ||
| 单 册: | ||
| 中图分类: | G256.3 | |
| 科图分类: | ||
| 主题词: | 校勘学 | |
| 电子资源: | ||
| ISBN: | ||
| 000 | 00682nam0 2200253 45 | |
| 001 | 0182004331 | |
| 005 | 20060805165835.67 | |
| 010 | @dCNY0.80 | |
| 091 | @a7100.161 | |
| 100 | @a19950628d1982 em y0chiy0121 ea | |
| 101 | 0 | @achi |
| 102 | @aCN@b330000 | |
| 105 | @ay c 000yy | |
| 200 | 10 | @a同名异书通检@Atong ming yi shu tong jian@f杜信孚,赵敏元,毛俊仪著@FDu Xin Fu,Zhao Min Yuan,Mao Jun Yi Zhu |
| 210 | @a南京@c江苏人民出版社@d1982 | |
| 215 | @a196页@d19cm | |
| 606 | 0 | @a校勘学 |
| 690 | @aG256.3@v3 | |
| 701 | 0 | @a杜信孚@4著 |
| 701 | 0 | @a毛俊仪@4著 |
| 701 | 0 | @a赵敏元@4著 |
| 801 | 2 | @aCN@bNLC@c20060805 |
| 801 | 0 | @aCN@b上海图书馆@c20060728 |
| 905 | @dG256.3@e20 | |
| 同名异书通检/杜信孚,赵敏元,毛俊仪著.-南京:江苏人民出版社,1982 |
| 196页;19cm |
| ISBN :CNY0.80 |
| ● |
| 相关链接 |
|
|
|
|
正题名:同名异书通检
索取号:G256.3/20
 
预约/预借
| 序号 | 登录号 | 条形码 | 馆藏地/架位号 | 状态 | 备注 |
| 1 | 0165307 | 002004752 | 密集书库/ [索取号:G256.3/20] | 在馆 | |
| 2 | 0165308 | 000212175 | 密集书库/ [索取号:G256.3/20] | 在馆 | |
| 3 | 0165309 | 202376240 | 第一样本阅览室/ [索取号:G256.3/20] | 在馆 | |
| 4 | 0219875 | 000212255 | 密集书库/ [索取号:G256.3/20] | 在馆 | |
| 5 | 0219876 | 000212219 | 密集书库/ [索取号:G256.3/20] | 在馆 | |
| 6 | 0421030 | 204210308 | 密集书库/ [索取号:G256.3/20] | 在馆 | |
| 7 | 0421031 | 204210317 | 密集书库/ [索取号:G256.3/20] | 在馆 | |
| 8 | 0421032 | 204210326 | 密集书库/ [索取号:G256.3/20] | 在馆 | |
| 9 | 0421033 | 204210335 | 密集书库/ [索取号:G256.3/20] | 在馆 | |
| 10 | 0421034 | 204210344 | 密集书库/ [索取号:G256.3/20] | 在馆 | |
| 11 | 0440266 | 204402663 | 密集书库/ [索取号:G256.3/20] | 在馆 | |
| 12 | 0447188 | 204471883 | 密集书库/ [索取号:G256.3/20] | 在馆 |